Normal view
MARC view
- G. W. Paton
Entry Personal Name
001 - CONTROL NUMBER
- control field: 5425
003 - CONTROL NUMBER IDENTIFIER
- control field: OSt
005 - DATE AND TIME OF LATEST TRANSACTION
- control field: 20230809060724.0
008 - FIXED-LENGTH DATA ELEMENTS
- fixed length control field: 230809|| aca||aabn | a|a d
040 ## - CATALOGING SOURCE
- Original cataloging agency: OSt
- Transcribing agency: OSt
100 ## - HEADING--PERSONAL NAME
- Personal name: G. W. Paton
670 ## - SOURCE DATA FOUND
- Source citation: Work cat.: (OSt)1727: Paton, G. W. 4146, A Text Book of Jurisprudence/ , c1951
